| 000 | 00363nam a2200145Ia 4500 | ||
|---|---|---|---|
| 008 | 230917s9999||||xx |||||||||||||| ||und|| | ||
| 040 |
_e66119 _aMAIN |
||
| 041 | _aEnglish | ||
| 082 | _a879.3709 L41H | ||
| 100 | _aLaw, Bimala Churn | ||
| 245 | 2 | _aA history of pali literaure, v2 | |
| 260 |
_aDelhi _bBharatiya _c1974 |
||
| 300 | _axxviii, 689 p. | ||
| 942 | _cBK | ||
| 999 |
_c206939 _d206939 |
||